Protimonopolná politika (legislatíva v SR a v štátoch EÚ) bakalárska práca

Gespeichert in:
Bibliographische Detailangaben
1. Verfasser: Kubičár, Juraj
Körperschaft: Fakulta podnikového manažmentu EU. Katedra podnikovohospodárska
Weitere Verfasser: Strieška, Ľubomír
Format: Buch
Sprache:Slowakisch
Veröffentlicht: Bratislava 2009
Tags: Tag hinzufügen
Keine Tags, Fügen Sie das erste Tag hinzu!

MARC

LEADER 00000nam$a2200000$$$4500
001 0102012
005 20240319130306.7
041 0 |a slo 
044 |a SK 
245 1 0 |a Protimonopolná politika (legislatíva v SR a v štátoch EÚ)  |b bakalárska práca  |c Juraj Kubičár ; škol. Ľubomír Strieška 
264 1 |a Bratislava  |c 2009 
300 |a 38 s. 
100 1 |a Kubičár, Juraj 
700 1 |a Strieška, Ľubomír 
710 2 |a Fakulta podnikového manažmentu EU. Katedra podnikovohospodárska